000 00601nam a2200253Ia 4500
005 20260330155101.0
008 008 300114s9999 xx 000 0 eng d
020 _a9789363869738
037 _aEBOOK
040 _aCRL
040 _beng
040 _cCRL
041 _2eng
041 _aeng
084 _qCRL
245 0 _aSupply Chain Management For Dummies, 3rd Edition
260 _bWiley
260 _c2024
650 _aOpeartions
_91232116
856 _uhttps://ebooks.wileyindia.com/product-details/482372
942 _cEBOOK
999 _c1843757
_d1843757